[Event "DEM U10 2023"]
[Site "Willingen GER"]
[Date "2023.06.02"]
[Round "9"]
[White "Bergmann, Rafael Antonio"]
[Black "Zargaran, Sepas"]
[Result "0-1"]
[Termination "normal"]
[Board "9"]
[WhiteElo "1669"]
[BlackElo "1540"]
[WhiteClock "00:25:41"]
[BlackClock "00:23:24"]
[PlyCount "148"]
[WhiteFideId "34635076"]
[BlackFideId "34625275"]
[EventCountry "GER"]
[EventRounds "11"]
[EventType "swiss"]
[EventDate "2023.05.27"]

1. e4 {[%clk 01:15:56]} {[%emt 00:00:03]} c5 {[%clk 01:15:54]} {[%emt
00:00:06]} 2. Nf3 {[%clk 01:15:44]} {[%emt 00:00:43]} Nc6 {[%clk 01:16:11]}
{[%emt 00:00:13]} 3. d4 {[%clk 01:16:04]} {[%emt 00:00:09]} cxd4 {[%clk
01:16:37]} {[%emt 00:00:05]} 4. Nxd4 {[%clk 01:16:14]} {[%emt 00:00:19]} g6
{[%clk 01:17:01]} {[%emt 00:00:08]} 5. c4 {[%clk 01:16:32]} {[%emt 00:00:11]}
Nf6 {[%clk 01:17:13]} {[%emt 00:00:19]} 6. Nc3 {[%clk 01:16:43]} {[%emt
00:00:18]} Nxd4 {[%clk 01:17:34]} {[%emt 00:00:09]} 7. Qxd4 {[%clk 01:16:51]}
{[%emt 00:00:22]} d6 {[%clk 01:17:58]} {[%emt 00:00:06]} 8. f3 {[%clk
01:15:10]} {[%emt 00:02:10]} Bg7 {[%clk 01:18:16]} {[%emt 00:00:13]} 9. Be3
{[%clk 01:14:29]} {[%emt 00:01:11]} O-O {[%clk 01:18:23]} {[%emt 00:00:22]} 10.
Qd2 {[%clk 01:14:10]} {[%emt 00:00:40]} Be6 {[%clk 01:18:25]} {[%emt 00:00:36]}
11. f4 {[%clk 01:13:16]} {[%emt 00:01:26]} a5 {[%clk 01:04:35]} {[%emt
00:14:20]} 12. Be2 {[%clk 01:09:14]} {[%emt 00:04:32]} Rc8 {[%clk 01:02:24]}
{[%emt 00:02:30]} 13. c5 {[%clk 01:02:57]} {[%emt 00:06:58]} dxc5 {[%clk
01:01:18]} {[%emt 00:01:37]} 14. Rd1 {[%clk 00:58:31]} {[%emt 00:04:53]} Qxd2+
{[%clk 00:58:11]} {[%emt 00:03:38]} 15. Rxd2 {[%clk 00:58:33]} {[%emt
00:00:28]} Ng4 {[%clk 00:58:21]} {[%emt 00:00:20]} 16. Bxg4 {[%clk 00:57:49]}
{[%emt 00:01:15]} Bxg4 {[%clk 00:58:30]} {[%emt 00:00:21]} 17. Nd5 {[%clk
00:58:01]} {[%emt 00:00:18]} Rfe8 {[%clk 00:57:12]} {[%emt 00:01:47]} 18. O-O
{[%clk 00:54:39]} {[%emt 00:03:53]} Be6 {[%clk 00:44:09]} {[%emt 00:13:33]} 19.
Rc1 {[%clk 00:51:38]} {[%emt 00:03:31]} Bxd5 {[%clk 00:43:47]} {[%emt
00:00:52]} 20. Rxd5 {[%clk 00:50:58]} {[%emt 00:01:10]} Bd4 {[%clk 00:36:02]}
{[%emt 00:08:15]} 21. Kf2 {[%clk 00:42:55]} {[%emt 00:08:32]} Bxe3+ {[%clk
00:34:58]} {[%emt 00:01:35]} 22. Kxe3 {[%clk 00:43:17]} {[%emt 00:00:08]} b6
{[%clk 00:34:46]} {[%emt 00:00:43]} 23. Kd3 {[%clk 00:43:19]} {[%emt 00:00:27]}
Red8 {[%clk 00:34:12]} {[%emt 00:01:04]} 24. Kc4 {[%clk 00:43:28]} {[%emt
00:00:19]} Rxd5 {[%clk 00:34:22]} {[%emt 00:00:21]} 25. exd5 {[%clk 00:43:50]}
{[%emt 00:00:08]} Rd8 {[%clk 00:34:18]} {[%emt 00:00:35]} 26. Rd1 {[%clk
00:44:10]} {[%emt 00:00:10]} Rd6 {[%clk 00:25:32]} {[%emt 00:09:17]} 27. Rd2
{[%clk 00:41:41]} {[%emt 00:02:58]} e6 {[%clk 00:25:28]} {[%emt 00:00:33]} 28.
g3 {[%clk 00:41:49]} {[%emt 00:00:22]} Kf8 {[%clk 00:23:56]} {[%emt 00:02:03]}
29. g4 {[%clk 00:36:27]} {[%emt 00:05:51]} Ke7 {[%clk 00:23:00]} {[%emt
00:01:27]} 30. a3 {[%clk 00:35:57]} {[%emt 00:00:59]} Kd8 {[%clk 00:21:59]}
{[%emt 00:01:32]} 31. b3 {[%clk 00:32:37]} {[%emt 00:03:49]} Kc7 {[%clk
00:22:15]} {[%emt 00:00:15]} 32. h4 {[%clk 00:32:15]} {[%emt 00:00:52]} Kb7
{[%clk 00:22:36]} {[%emt 00:00:09]} 33. g5 {[%clk 00:31:29]} {[%emt 00:01:15]}
Ka6 {[%clk 00:22:33]} {[%emt 00:00:33]} 34. a4 {[%clk 00:31:53]} {[%emt
00:00:07]} Kb7 {[%clk 00:20:03]} {[%emt 00:02:59]} 35. Rd1 {[%clk 00:30:19]}
{[%emt 00:02:04]} Kc7 {[%clk 00:20:18]} {[%emt 00:00:16]} 36. Rd2 {[%clk
00:30:30]} {[%emt 00:00:19]} Kd8 {[%clk 00:15:55]} {[%emt 00:04:53]} 37. Rd1
{[%clk 00:29:13]} {[%emt 00:01:46]} Ke7 {[%clk 00:15:48]} {[%emt 00:00:38]} 38.
Rd2 {[%clk 00:26:10]} {[%emt 00:03:32]} exd5+ {[%clk 00:15:39]} {[%emt
00:00:40]} 39. Rxd5 {[%clk 00:26:21]} {[%emt 00:00:19]} Kd7 {[%clk 00:13:00]}
{[%emt 00:03:09]} 40. Rxd6+ {[%clk 00:22:36]} {[%emt 00:04:14]} Kxd6 {[%clk
00:13:15]} {[%emt 00:00:15]} 41. Kb5 {[%clk 00:23:02]} {[%emt 00:00:05]} Kc7
{[%clk 00:13:25]} {[%emt 00:00:20]} 42. Kc4 {[%clk 00:18:52]} {[%emt 00:04:40]}
Kc6 {[%clk 00:13:43]} {[%emt 00:00:11]} 43. Kd3 {[%clk 00:18:46]} {[%emt
00:00:36]} b5 {[%clk 00:14:12]} {[%emt 00:00:02]} 44. axb5+ {[%clk 00:18:20]}
{[%emt 00:00:56]} Kxb5 {[%clk 00:14:24]} {[%emt 00:00:18]} 45. Kc3 {[%clk
00:18:41]} {[%emt 00:00:09]} c4 {[%clk 00:14:14]} {[%emt 00:00:40]} 46. bxc4+
{[%clk 00:18:04]} {[%emt 00:01:07]} Kc5 {[%clk 00:14:35]} {[%emt 00:00:08]} 47.
Kb3 {[%clk 00:18:27]} {[%emt 00:00:07]} a4+ {[%clk 00:14:56]} {[%emt 00:00:10]}
48. Kxa4 {[%clk 00:18:51]} {[%emt 00:00:07]} Kxc4 {[%clk 00:15:18]} {[%emt
00:00:07]} 49. Ka5 {[%clk 00:19:10]} {[%emt 00:00:11]} Kd4 {[%clk 00:15:39]}
{[%emt 00:00:09]} 50. Kb4 {[%clk 00:19:32]} {[%emt 00:00:08]} Ke4 {[%clk
00:16:00]} {[%emt 00:00:09]} 51. Kc4 {[%clk 00:19:56]} {[%emt 00:00:06]} Kxf4
{[%clk 00:15:33]} {[%emt 00:00:56]} 52. Kd4 {[%clk 00:20:11]} {[%emt 00:00:15]}
Kg4 {[%clk 00:15:55]} {[%emt 00:00:09]} 53. Ke4 {[%clk 00:20:05]} {[%emt
00:00:36]} Kxh4 {[%clk 00:16:17]} {[%emt 00:00:07]} 54. Kf4 {[%clk 00:20:20]}
{[%emt 00:00:15]} Kh5 {[%clk 00:16:38]} {[%emt 00:00:09]} 55. Kf3 {[%clk
00:20:39]} {[%emt 00:00:12]} Kxg5 {[%clk 00:16:58]} {[%emt 00:00:09]} 56. Kg3
{[%clk 00:21:04]} {[%emt 00:00:05]} f5 {[%clk 00:17:20]} {[%emt 00:00:08]} 57.
Kf3 {[%clk 00:21:31]} {[%emt 00:00:03]} f4 {[%clk 00:17:40]} {[%emt 00:00:10]}
58. Kf2 {[%clk 00:21:58]} {[%emt 00:00:03]} Kg4 {[%clk 00:17:55]} {[%emt
00:01:05]} 59. Kg2 {[%clk 00:22:22]} {[%emt 00:00:06]} f3+ {[%clk 00:18:14]}
{[%emt 00:00:11]} 60. Kf2 {[%clk 00:22:46]} {[%emt 00:00:05]} Kf4 {[%clk
00:18:34]} {[%emt 00:00:11]} 61. Kf1 {[%clk 00:22:07]} {[%emt 00:01:09]} Kg3
{[%clk 00:18:55]} {[%emt 00:00:09]} 62. Kg1 {[%clk 00:21:01]} {[%emt 00:01:36]}
f2+ {[%clk 00:19:11]} {[%emt 00:00:13]} 63. Kf1 {[%clk 00:21:21]} {[%emt
00:00:11]} h5 {[%clk 00:19:37]} {[%emt 00:00:04]} 64. Ke2 {[%clk 00:21:39]}
{[%emt 00:00:12]} Kg2 {[%clk 00:20:00]} {[%emt 00:00:06]} 65. Ke3 {[%clk
00:22:03]} {[%emt 00:00:07]} f1=Q {[%clk 00:20:22]} {[%emt 00:00:08]} 66. Kd2
{[%clk 00:22:26]} {[%emt 00:00:08]} Qf3 {[%clk 00:20:38]} {[%emt 00:00:14]} 67.
Kc2 {[%clk 00:22:50]} {[%emt 00:00:05]} Qe3 {[%clk 00:21:03]} {[%emt 00:00:06]}
68. Kb2 {[%clk 00:23:14]} {[%emt 00:00:05]} Qd3 {[%clk 00:21:22]} {[%emt
00:00:09]} 69. Ka2 {[%clk 00:23:39]} {[%emt 00:00:07]} Qb5 {[%clk 00:21:44]}
{[%emt 00:00:08]} 70. Ka3 {[%clk 00:24:02]} {[%emt 00:00:08]} Kf2 {[%clk
00:21:55]} {[%emt 00:00:18]} 71. Ka2 {[%clk 00:24:27]} {[%emt 00:00:05]} Ke2
{[%clk 00:22:14]} {[%emt 00:00:11]} 72. Ka3 {[%clk 00:24:51]} {[%emt 00:00:06]}
Kd3 {[%clk 00:22:38]} {[%emt 00:00:06]} 73. Ka2 {[%clk 00:25:15]} {[%emt
00:00:06]} Kc2 {[%clk 00:23:01]} {[%emt 00:00:07]} 74. Ka3 {[%clk 00:25:41]}
{[%emt 00:00:05]} Qb3# {[%clk 00:23:24]} {[%emt 00:00:06]} 0-1

[Event "DEM U10 2023"]
[Site "Willingen GER"]
[Date "2023.06.02"]
[Round "9"]
[White "Hoppe, Arthur"]
[Black "Wagener, Nicolas"]
[Result "1-0"]
[Termination "normal"]
[Board "10"]
[WhiteElo "1430"]
[BlackElo "1506"]
[WhiteClock "00:58:32"]
[BlackClock "01:07:30"]
[PlyCount "121"]
[WhiteFideId "34618910"]
[BlackFideId "34607935"]
[EventCountry "GER"]
[EventRounds "11"]
[EventType "swiss"]
[EventDate "2023.05.27"]

1. d4 {[%clk 01:15:59]} d5 {[%clk 01:15:56]} {[%emt 00:00:04]} 2. c4 {[%clk
01:16:23]} {[%emt 00:00:06]} e6 {[%clk 01:16:18]} {[%emt 00:00:08]} 3. Nf3
{[%clk 01:16:49]} {[%emt 00:00:04]} Nf6 {[%clk 01:16:37]} {[%emt 00:00:11]} 4.
e3 {[%clk 01:16:49]} {[%emt 00:00:30]} c5 {[%clk 01:16:54]} {[%emt 00:00:12]}
5. Nc3 {[%clk 01:17:14]} {[%emt 00:00:06]} Nc6 {[%clk 01:17:07]} {[%emt
00:00:17]} 6. cxd5 {[%clk 01:17:39]} {[%emt 00:00:05]} exd5 {[%clk 01:17:31]}
{[%emt 00:00:06]} 7. Bb5 {[%clk 01:18:03]} {[%emt 00:00:06]} Bd7 {[%clk
01:16:51]} {[%emt 00:01:11]} 8. O-O {[%clk 01:18:19]} {[%emt 00:00:14]} cxd4
{[%clk 01:17:10]} {[%emt 00:00:11]} 9. exd4 {[%clk 01:16:04]} {[%emt 00:02:45]}
Be7 {[%clk 01:17:17]} {[%emt 00:00:22]} 10. Bg5 {[%clk 01:15:58]} {[%emt
00:00:36]} a6 {[%clk 01:17:21]} {[%emt 00:00:27]} 11. Ba4 {[%clk 01:16:20]}
{[%emt 00:00:08]} b5 {[%clk 01:17:20]} {[%emt 00:00:30]} 12. Bb3 {[%clk
01:16:39]} {[%emt 00:00:11]} Be6 {[%clk 01:17:42]} {[%emt 00:00:08]} 13. Ne5
{[%clk 01:16:11]} {[%emt 00:00:59]} Na5 {[%clk 01:17:01]} {[%emt 00:01:11]} 14.
Re1 {[%clk 01:16:09]} {[%emt 00:00:31]} O-O {[%clk 01:17:22]} {[%emt 00:00:10]}
15. Rc1 {[%clk 01:12:17]} {[%emt 00:04:22]} Rc8 {[%clk 01:14:24]} {[%emt
00:03:28]} 16. Nd3 {[%clk 01:07:48]} {[%emt 00:04:59]} Nc4 {[%clk 01:14:23]}
{[%emt 00:00:30]} 17. Bxc4 {[%clk 00:55:21]} {[%emt 00:12:58]} dxc4 {[%clk
01:13:54]} {[%emt 00:00:58]} 18. Nf4 {[%clk 00:55:08]} {[%emt 00:00:43]} Nd5
{[%clk 01:12:31]} {[%emt 00:01:53]} 19. Bxe7 {[%clk 00:55:21]} {[%emt
00:00:17]} Nxc3 {[%clk 01:09:35]} {[%emt 00:03:25]} 20. Rxc3 {[%clk 00:53:15]}
{[%emt 00:02:38]} Qxe7 {[%clk 01:09:56]} {[%emt 00:00:08]} 21. d5 {[%clk
00:52:16]} {[%emt 00:01:30]} Rfd8 {[%clk 01:09:56]} {[%emt 00:00:29]} 22. Qf3
{[%clk 00:49:41]} {[%emt 00:03:06]} Bxd5 {[%clk 01:05:12]} {[%emt 00:05:13]}
23. Rxe7 {[%clk 00:50:00]} {[%emt 00:00:11]} Bxf3 {[%clk 01:05:35]} {[%emt
00:00:07]} 24. gxf3 {[%clk 00:50:28]} {[%emt 00:00:02]} Rd1+ {[%clk 01:05:40]}
{[%emt 00:00:24]} 25. Kg2 {[%clk 00:50:54]} {[%emt 00:00:05]} Rd2 {[%clk
01:05:59]} {[%emt 00:00:11]} 26. b3 {[%clk 00:51:20]} {[%emt 00:00:05]} Kf8
{[%clk 01:05:48]} {[%emt 00:00:40]} 27. Re2 {[%clk 00:51:40]} {[%emt 00:00:09]}
Rd4 {[%clk 01:05:09]} {[%emt 00:01:10]} 28. Re4 {[%clk 00:51:24]} {[%emt
00:00:46]} Rd2 {[%clk 01:04:33]} {[%emt 00:01:05]} 29. a4 {[%clk 00:50:23]}
{[%emt 00:01:32]} Rcd8 {[%clk 01:00:23]} {[%emt 00:04:41]} 30. axb5 {[%clk
00:48:57]} {[%emt 00:01:56]} axb5 {[%clk 01:00:39]} {[%emt 00:00:13]} 31. bxc4
{[%clk 00:49:21]} {[%emt 00:00:06]} bxc4 {[%clk 00:59:49]} {[%emt 00:01:20]}
32. Rcxc4 {[%clk 00:49:27]} {[%emt 00:00:25]} g5 {[%clk 00:59:02]} {[%emt
00:01:16]} 33. Nh3 {[%clk 00:48:03]} {[%emt 00:01:54]} h6 {[%clk 00:59:21]}
{[%emt 00:00:12]} 34. Rc6 {[%clk 00:48:17]} {[%emt 00:00:16]} R8d6 {[%clk
00:59:32]} {[%emt 00:00:18]} 35. Rxd6 {[%clk 00:48:41]} {[%emt 00:00:06]} Rxd6
{[%clk 00:59:57]} {[%emt 00:00:05]} 36. f4 {[%clk 00:48:28]} {[%emt 00:00:43]}
g4 {[%clk 01:00:15]} {[%emt 00:00:13]} 37. Ng1 {[%clk 00:48:53]} {[%emt
00:00:04]} f5 {[%clk 01:00:36]} {[%emt 00:00:08]} 38. Re5 {[%clk 00:49:20]}
{[%emt 00:00:05]} Rf6 {[%clk 01:00:56]} {[%emt 00:00:09]} 39. f3 {[%clk
00:49:45]} {[%emt 00:00:06]} h5 {[%clk 01:01:09]} {[%emt 00:00:16]} 40. fxg4
{[%clk 00:50:08]} {[%emt 00:00:07]} hxg4 {[%clk 01:01:32]} {[%emt 00:00:07]}
41. Ne2 {[%clk 00:50:33]} {[%emt 00:00:06]} Kg7 {[%clk 01:01:38]} {[%emt
00:00:22]} 42. Ng3 {[%clk 00:50:59]} {[%emt 00:00:05]} Kg6 {[%clk 01:01:49]}
{[%emt 00:00:19]} 43. Rxf5 {[%clk 00:51:26]} {[%emt 00:00:04]} Rxf5 {[%clk
01:02:10]} {[%emt 00:00:08]} 44. Nxf5 {[%clk 00:51:52]} {[%emt 00:00:04]} Kxf5
{[%clk 01:02:34]} {[%emt 00:00:06]} 45. Kg3 {[%clk 00:52:20]} {[%emt 00:00:03]}
Kg6 {[%clk 01:02:38]} {[%emt 00:00:25]} 46. Kxg4 {[%clk 00:52:47]} {[%emt
00:00:03]} Kf6 {[%clk 01:02:37]} {[%emt 00:00:30]} 47. f5 {[%clk 00:53:15]}
{[%emt 00:00:04]} Kg7 {[%clk 01:02:59]} {[%emt 00:00:07]} 48. Kg5 {[%clk
00:53:41]} {[%emt 00:00:04]} Kf7 {[%clk 01:03:12]} {[%emt 00:00:17]} 49. f6
{[%clk 00:54:08]} {[%emt 00:00:03]} Kg8 {[%clk 01:03:31]} {[%emt 00:00:12]} 50.
Kg6 {[%clk 00:54:34]} {[%emt 00:00:03]} Kh8 {[%clk 01:03:53]} {[%emt 00:00:08]}
51. h4 {[%clk 00:54:59]} {[%emt 00:00:05]} Kg8 {[%clk 01:04:18]} {[%emt
00:00:04]} 52. f7+ {[%clk 00:55:25]} {[%emt 00:00:05]} Kf8 {[%clk 01:04:43]}
{[%emt 00:00:05]} 53. h5 {[%clk 00:55:53]} {[%emt 00:00:02]} Ke7 {[%clk
01:05:07]} {[%emt 00:00:06]} 54. Kg7 {[%clk 00:56:20]} {[%emt 00:00:04]} Ke6
{[%clk 01:05:23]} {[%emt 00:00:14]} 55. f8=Q {[%clk 00:56:45]} {[%emt
00:00:05]} Ke5 {[%clk 01:05:44]} {[%emt 00:00:09]} 56. h6 {[%clk 00:57:11]}
{[%emt 00:00:04]} Ke6 {[%clk 01:06:10]} {[%emt 00:00:03]} 57. h7 {[%clk
00:57:37]} {[%emt 00:00:04]} Kd7 {[%clk 01:06:29]} {[%emt 00:00:11]} 58. h8=Q
{[%clk 00:58:02]} {[%emt 00:00:06]} Ke6 {[%clk 01:06:51]} {[%emt 00:00:07]} 59.
Qh5 {[%clk 00:58:13]} {[%emt 00:00:18]} Kd7 {[%clk 01:07:09]} {[%emt 00:00:13]}
60. Qd5+ {[%clk 00:58:32]} {[%emt 00:00:10]} Kc7 {[%clk 01:07:30]} {[%emt
00:00:09]} 61. Qfd8# {[%emt 00:00:04]} 1-0

[Event "DEM U10 2023"]
[Site "Willingen GER"]
[Date "2023.06.02"]
[Round "9"]
[White "Shivkumar, Shreyas"]
[Black "Meitzner, Jonathan Franz"]
[Result "0-1"]
[Termination "normal"]
[Board "12"]
[WhiteElo "1394"]
[BlackElo "1314"]
[WhiteClock "00:52:22"]
[BlackClock "00:31:00"]
[PlyCount "100"]
[WhiteFideId "34638407"]
[BlackFideId "34616110"]
[EventCountry "GER"]
[EventRounds "11"]
[EventType "swiss"]
[EventDate "2023.05.27"]

1. e4 {[%clk 01:15:58]} {[%emt 00:00:02]} c5 {[%clk 01:15:55]} {[%emt
00:00:06]} 2. Nf3 {[%clk 01:16:22]} {[%emt 00:00:06]} d6 {[%clk 01:15:21]}
{[%emt 00:01:04]} 3. d4 {[%clk 01:16:12]} {[%emt 00:00:35]} cxd4 {[%clk
01:15:48]} {[%emt 00:00:08]} 4. Nxd4 {[%clk 01:16:20]} {[%emt 00:00:21]} Nf6
{[%clk 01:16:12]} {[%emt 00:00:06]} 5. Nc3 {[%clk 01:16:15]} {[%emt 00:00:35]}
a6 {[%clk 01:16:35]} {[%emt 00:00:08]} 6. Be3 {[%clk 01:15:58]} {[%emt
00:00:47]} e5 {[%clk 01:16:48]} {[%emt 00:00:17]} 7. Nb3 {[%clk 01:16:18]}
{[%emt 00:00:10]} Be7 {[%clk 01:17:10]} {[%emt 00:00:08]} 8. f3 {[%clk
01:16:16]} {[%emt 00:00:31]} O-O {[%clk 01:17:20]} {[%emt 00:00:21]} 9. Qd2
{[%clk 01:16:12]} {[%emt 00:00:31]} Nbd7 {[%clk 01:17:05]} {[%emt 00:00:48]}
10. O-O-O {[%clk 01:15:41]} {[%emt 00:01:01]} Nb6 {[%clk 01:15:41]} {[%emt
00:01:54]} 11. h4 {[%clk 01:13:28]} {[%emt 00:02:43]} Be6 {[%clk 01:11:28]}
{[%emt 00:04:43]} 12. g4 {[%emt 00:02:23]} Rc8 {[%clk 01:04:40]} {[%emt
00:07:15]} 13. Bxb6 {[%clk 01:10:40]} {[%emt 00:01:27]} Qxb6 {[%clk 01:03:38]}
{[%emt 00:01:32]} 14. Nd5 {[%clk 01:10:33]} {[%emt 00:00:32]} Bxd5 {[%clk
01:03:07]} {[%emt 00:01:07]} 15. exd5 {[%clk 01:10:46]} {[%emt 00:00:17]} Qc7
{[%clk 00:58:09]} {[%emt 00:05:27]} 16. h5 {[%clk 01:09:06]} {[%emt 00:02:08]}
Nxg4 {[%clk 00:56:14]} {[%emt 00:02:28]} 17. c3 {[%clk 01:08:28]} {[%emt
00:01:07]} h6 {[%clk 00:52:05]} {[%emt 00:04:39]} 18. Kb1 {[%clk 01:07:41]}
{[%emt 00:01:16]} Bg5 {[%clk 00:52:26]} {[%emt 00:00:11]} 19. Qe2 {[%clk
01:07:31]} {[%emt 00:00:37]} Ne3 {[%clk 00:51:48]} {[%emt 00:01:10]} 20. Rd3
{[%clk 01:07:27]} {[%emt 00:00:34]} Nf5 {[%clk 00:47:35]} {[%emt 00:04:43]} 21.
Rg1 {[%clk 01:06:43]} {[%emt 00:01:14]} Qb6 {[%clk 00:41:26]} {[%emt 00:06:40]}
22. Qh2 {[%clk 01:04:07]} {[%emt 00:03:04]} a5 {[%clk 00:38:56]} {[%emt
00:03:01]} 23. Bh3 {[%clk 01:02:33]} {[%emt 00:02:05]} g6 {[%clk 00:33:43]}
{[%emt 00:05:44]} 24. Nd2 {[%clk 00:59:55]} {[%emt 00:03:07]} Bf4 {[%clk
00:28:59]} {[%emt 00:05:14]} 25. Qg2 {[%clk 00:54:55]} {[%emt 00:05:27]} Nh4
{[%clk 00:28:26]} {[%emt 00:01:05]} 26. Qg4 {[%clk 00:52:07]} {[%emt 00:03:18]}
g5 {[%clk 00:27:28]} {[%emt 00:01:30]} 27. Rd1 {[%clk 00:49:14]} {[%emt
00:03:22]} f5 {[%clk 00:27:29]} {[%emt 00:00:29]} 28. Qg1 {[%clk 00:49:28]}
{[%emt 00:00:15]} Qxg1 {[%clk 00:27:58]} {[%emt 00:00:01]} 29. Rxg1 {[%clk
00:49:50]} {[%emt 00:00:09]} Bxd2 {[%clk 00:28:22]} {[%emt 00:00:06]} 30. Rxd2
{[%clk 00:49:59]} {[%emt 00:00:21]} Nxf3 {[%clk 00:28:42]} {[%emt 00:00:09]}
31. Rdg2 {[%clk 00:49:38]} {[%emt 00:00:52]} Nxg1 {[%clk 00:29:04]} {[%emt
00:00:08]} 32. Rxg1 {[%clk 00:50:00]} {[%emt 00:00:08]} g4 {[%clk 00:29:25]}
{[%emt 00:00:08]} 33. Bf1 {[%emt 00:00:55]} Kf7 {[%clk 00:28:36]} {[%emt
00:01:16]} 34. Bb5 {[%clk 00:49:45]} {[%emt 00:00:23]} Rc7 {[%clk 00:28:06]}
{[%emt 00:01:01]} 35. Rf1 {[%clk 00:49:50]} {[%emt 00:00:24]} f4 {[%clk
00:28:01]} {[%emt 00:00:35]} 36. Bd3 {[%clk 00:49:43]} {[%emt 00:00:38]} Rg8
{[%clk 00:27:55]} {[%emt 00:00:37]} 37. Bf5 {[%clk 00:49:54]} {[%emt 00:00:16]}
Rg5 {[%clk 00:27:45]} {[%emt 00:00:43]} 38. Bg6+ {[%clk 00:50:04]} {[%emt
00:00:19]} Rxg6 {[%clk 00:27:39]} {[%emt 00:00:36]} 39. hxg6+ {[%clk 00:50:24]}
{[%emt 00:00:09]} Kxg6 {[%clk 00:27:58]} {[%emt 00:00:11]} 40. Kc2 {[%clk
00:50:43]} {[%emt 00:00:11]} Rc5 {[%clk 00:28:12]} {[%emt 00:00:17]} 41. Kd3
{[%clk 00:50:49]} {[%emt 00:00:24]} Rxd5+ {[%clk 00:28:30]} {[%emt 00:00:12]}
42. Ke2 {[%clk 00:50:59]} {[%emt 00:00:20]} h5 {[%clk 00:28:41]} {[%emt
00:00:19]} 43. Rg1 {[%clk 00:51:01]} {[%emt 00:00:28]} Kg5 {[%clk 00:28:57]}
{[%emt 00:00:14]} 44. Ke1 {[%clk 00:50:41]} {[%emt 00:00:50]} h4 {[%clk
00:29:17]} {[%emt 00:00:11]} 45. Ke2 {[%clk 00:50:53]} {[%emt 00:00:17]} h3
{[%clk 00:29:13]} {[%emt 00:00:34]} 46. Ke1 {[%clk 00:51:12]} {[%emt 00:00:11]}
h2 {[%clk 00:29:31]} {[%emt 00:00:12]} 47. Rh1 {[%clk 00:51:26]} {[%emt
00:00:16]} g3 {[%clk 00:29:55]} {[%emt 00:00:06]} 48. Kf1 {[%clk 00:51:47]}
{[%emt 00:00:09]} Rd1+ {[%clk 00:30:18]} {[%emt 00:00:08]} 49. Kg2 {[%clk
00:52:07]} {[%emt 00:00:09]} Rxh1 {[%clk 00:30:46]} {[%emt 00:00:03]} 50. Kxh1
{[%clk 00:52:22]} {[%emt 00:00:14]} Kh4 {[%clk 00:31:00]} {[%emt 00:00:16]} 0-1